[Event "BCF-chT2 1011 (4NCL)"]
[Site "England"]
[Date "2011.05.01"]
[Round "10.74"]
[White "Spencer, Carl J"]
[Black "Cairns, Stephen"]
[Result "1/2-1/2"]
[WhiteElo "2166"]
[BlackElo "2054"]
[PlyCount "28"]
[EventDate "2010.11.06"]
[EventType "team-swiss"]
[EventRounds "11"]
[EventCountry "ENG"]
[SourceTitle "EXT 2012"]
[Source "ChessBase"]
[SourceDate "2011.11.24"]
[SourceVersion "1"]
[SourceVersionDate "2011.11.24"]
[SourceQuality "1"]
[WhiteTeam "Cambridge II"]
[BlackTeam "Sambuca Black Sheep"]
[WhiteTeamCountry "ENG"]
[BlackTeamCountry "ENG"]

1. e4 c5 2. Nf3 Nc6 3. Bb5 g6 4. Bxc6 bxc6 5. d3 f6 6. 0-0 Nh6 7. Nc3 d6 8. h3 Nf7 9. Nh2 Bg7 10. f4 e6 11. Bd2 c4 12. d4 Qb6 13. Qe2 0-0 14. Be3 f5 1/2-1/2

[Event "BCF-chT2 1011 (4NCL)"]
[Site "England"]
[Date "2011.03.27"]
[Round "8.71"]
[White "McMichael, Richard"]
[Black "Spencer, Carl J"]
[Result "1-0"]
[WhiteElo "2285"]
[BlackElo "2166"]
[PlyCount "82"]
[EventDate "2010.11.06"]
[EventType "team-swiss"]
[EventRounds "11"]
[EventCountry "ENG"]
[SourceTitle "EXT 2012"]
[Source "ChessBase"]
[SourceDate "2011.11.24"]
[SourceVersion "1"]
[SourceVersionDate "2011.11.24"]
[SourceQuality "1"]
[WhiteTeam "Kings Head"]
[BlackTeam "Cambridge II"]
[WhiteTeamCountry "ENG"]
[BlackTeamCountry "ENG"]

1. d4 e6 2. Nf3 Nf6 3. Bg5 c5 4. e3 d5 5. Nbd2 Nc6 6. c3 Be7 7. Bd3 h6 8. Bh4 0-0 9. 0-0 b6 10. Qe2 Bb7 11. Rad1 Rc8 12. Rfe1 Qc7 13. Bg3 Bd6 14. Ne5 Nxe5 15. dxe5 Bxe5 16. f4 Bd6 17. Bh4 Be7 18. Rf1 Rfe8 19. f5 c4 20. Bc2 e5 21. Nf3 Ng4 22. h3 Nxe3 23. Bxe7 Nxf1 24. f6 Ng3 25. Qf2 Ne4 26. Bxe4 dxe4 27. Qg3 g6 28. Qh4 h5 29. Qg5 Kh7 30. Nxe5 Rxe7 31. fxe7 Qc5+ 32. Kh2 Bd5 33. Qf6 Re8 34. Nxf7 Qxe7 35. Ng5+ Kh6 36. Qxe7 Rxe7 37. Rxd5 e3 38. Nf3 e2 39. Ne1 h4 40. Rd2 Kg5 41. Kg1 Kf4 1-0

[Event "BCF-chT2 1011 (4NCL)"]
[Site "England"]
[Date "2011.03.26"]
[Round "7.11"]
[White "Spencer, Carl J"]
[Black "Cobb, James"]
[Result "0-1"]
[WhiteElo "2166"]
[BlackElo "2392"]
[PlyCount "74"]
[EventDate "2010.11.06"]
[EventType "team-swiss"]
[EventRounds "11"]
[EventCountry "ENG"]
[SourceTitle "EXT 2012"]
[Source "ChessBase"]
[SourceDate "2011.11.24"]
[SourceVersion "1"]
[SourceVersionDate "2011.11.24"]
[SourceQuality "1"]
[WhiteTeam "Cambridge II"]
[BlackTeam "South Wales Dragons"]
[WhiteTeamCountry "ENG"]
[BlackTeamCountry "ENG"]

1. e4 e5 2. Nf3 Nc6 3. d4 exd4 4. Nxd4 Bc5 5. Be3 Qf6 6. c3 Nge7 7. Bc4 0-0 8. 0-0 b6 9. f4 d5 10. e5 Qh6 11. Be2 Nxe5 12. b4 Bd6 13. Na3 a6 14. h3 c5 15. bxc5 bxc5 16. Ndc2 N5c6 17. Qd2 Bf5 18. Bf3 Rad8 19. Qc1 d4 20. cxd4 cxd4 21. Bxc6 Nxc6 22. Bd2 Rfe8 23. Nc4 Bb8 24. Ne1 Re2 25. Nf3 Bxh3 26. Rf2 Rxf2 27. Kxf2 Bg4 28. Nce5 Nxe5 29. fxe5 Qe6 30. Bg5 Rc8 31. Qf4 Bxf3 32. Qxf3 Qxe5 33. Qb7 Rc2+ 34. Kf1 h6 35. Re1 Qf5+ 36. Kg1 Qf2+ 37. Kh1 Qxe1# 0-1

[Event "BCF-chT2 1011 (4NCL)"]
[Site "England"]
[Date "2011.02.20"]
[Round "6.41"]
[White "Spencer, Carl J"]
[Black "Rees, Ioan"]
[Result "0-1"]
[WhiteElo "2166"]
[BlackElo "2319"]
[PlyCount "68"]
[EventDate "2010.11.06"]
[EventType "team-swiss"]
[EventRounds "11"]
[EventCountry "ENG"]
[SourceTitle "EXT 2012"]
[Source "ChessBase"]
[SourceDate "2011.11.24"]
[SourceVersion "1"]
[SourceVersionDate "2011.11.24"]
[SourceQuality "1"]
[WhiteTeam "Cambridge II"]
[BlackTeam "Rhyfelwyr Essyllwg"]
[WhiteTeamCountry "ENG"]
[BlackTeamCountry "ENG"]

1. e4 e5 2. Nf3 Nc6 3. d4 exd4 4. Nxd4 Bb4+ 5. c3 Bc5 6. Be3 Bb6 7. Qg4 g6 8. Qg3 Nf6 9. Nxc6 bxc6 10. Bxb6 axb6 11. Be2 0-0 12. e5 Ne4 13. Qf4 Nc5 14. 0-0 Nb3 15. Nd2 Nxa1 16. Ne4 f5 17. exf6 Nc2 18. Qh6 Rxf6 19. Bd3 Rf7 20. Bxc2 d5 21. Ng5 Re7 22. Qh4 Qe8 23. a3 Ba6 24. f4 Bxf1 25. Kxf1 Qd7 26. h3 Rae8 27. Kg1 Qd6 28. Kh2 h6 29. Nf3 g5 30. Qh5 Qxf4+ 31. g3 Re2+ 32. Kh1 Re1+ 33. Ng1 Rxg1+ 34. Kxg1 Re1+ 0-1

[Event "BCF-chT2 1011 (4NCL)"]
[Site "England"]
[Date "2011.01.15"]
[Round "3.31"]
[White "Spencer, Carl J"]
[Black "Goodger, Martyn"]
[Result "1-0"]
[WhiteElo "2166"]
[BlackElo "2096"]
[PlyCount "79"]
[EventDate "2010.11.06"]
[EventType "team-swiss"]
[EventRounds "11"]
[EventCountry "ENG"]
[SourceTitle "EXT 2012"]
[Source "ChessBase"]
[SourceDate "2011.11.24"]
[SourceVersion "1"]
[SourceVersionDate "2011.11.24"]
[SourceQuality "1"]
[WhiteTeam "Cambridge II"]
[BlackTeam "Poisoned Pawns II"]
[WhiteTeamCountry "ENG"]
[BlackTeamCountry "ENG"]

1. e4 d5 2. exd5 Qxd5 3. Nc3 Qa5 4. d4 Nf6 5. Nf3 c6 6. Be2 Bf5 7. 0-0 e6 8. Bf4 Nbd7 9. a3 Nd5 10. Bd2 Nxc3 11. Bxc3 Qc7 12. Re1 Bd6 13. Bd3 Bg4 14. h3 Bh5 15. d5 cxd5 16. Bxg7 Rg8 17. Bd4 Bg6 18. Bxg6 hxg6 19. Re3 b6 20. Qe2 Bf4 21. Rc3 Qd6 22. g3 Bh6 23. Ne5 Bg7 24. Rc6 Bxe5 25. Rxd6 Bxd6 26. c4 dxc4 27. Qxc4 Ke7 28. Rc1 Ne5 29. Qe2 Nd7 30. Qa6 Nc5 31. Bxc5 Bxc5 32. b4 Bd6 33. Rc6 Be5 34. Qb5 Kf6 35. Kg2 Rgd8 36. Rc2 Rd5 37. Qa6 Kg7 38. Qb7 Rdd8 39. Re2 Kf6 40. Qf3+ 1-0

[Event "BCF-chT3 0910 (4NCL)"]
[Site "England"]
[Date "2010.05.01"]
[Round "9.1"]
[White "Spencer, Carl J"]
[Black "Hunt, Malcolm A"]
[Result "1/2-1/2"]
[WhiteElo "2136"]
[BlackElo "2088"]
[PlyCount "119"]
[EventDate "2009.10.24"]
[EventType "team-tourn"]
[EventRounds "11"]
[EventCountry "ENG"]
[SourceTitle "EXT 2011"]
[Source "ChessBase"]
[SourceDate "2010.11.26"]
[SourceVersion "1"]
[SourceVersionDate "2010.11.26"]
[SourceQuality "1"]
[WhiteTeam "Cambridge University II"]
[BlackTeam "Warwicks Select II"]
[WhiteTeamCountry "ENG"]
[BlackTeamCountry "ENG"]

1. e4 e5 2. Nf3 Nc6 3. d4 exd4 4. Nxd4 Nf6 5. Nxc6 bxc6 6. e5 Qe7 7. Qe2 Nd5 8. c4 Nb6 9. Nc3 a5 10. Bd2 g6 11. Ne4 Bg7 12. Nf6+ Bxf6 13. exf6 Qxe2+ 14. Bxe2 0-0 15. 0-0 Re8 16. Rfe1 d6 17. Bf3 Bd7 18. Rxe8+ Rxe8 19. Rc1 a4 20. g4 c5 21. b3 axb3 22. axb3 Be6 23. g5 Rb8 24. Ra1 d5 25. Bf4 Rc8 26. Ra5 dxc4 27. bxc4 Nxc4 28. Rxc5 c6 29. Rxc6 Rxc6 30. Bxc6 Na5 31. Bb5 Nb7 32. h4 Nc5 33. Bd6 Nb3 34. Be5 Nc5 35. Kf1 Nd7 36. Bd6 h6 37. Ke2 hxg5 38. hxg5 Nf8 39. Ke3 Nd7 40. Kd4 Nf8 41. Bxf8 Kxf8 42. Ke5 Ba2 43. Bc6 Bb3 44. Bd5 Bc2 45. f4 Bd3 46. Be4 Bc4 47. f5 gxf5 48. Bxf5 Bb3 49. Be4 Bc4 50. Bd5 Bd3 51. Kd4 Bc2 52. Be4 Bb3 53. Ke5 Bc4 54. g6 fxg6 55. Bxg6 Bf7 56. Bf5 Bb3 57. Be6 Bxe6 58. Kxe6 Ke8 59. Kd6 Kf7 60. Ke5 1/2-1/2

[Event "BCF-chT3 0910 (4NCL)"]
[Site "England"]
[Date "2010.03.28"]
[Round "8.2"]
[White "Spencer, Carl J"]
[Black "Tunks, Dominic"]
[Result "1-0"]
[WhiteElo "2136"]
[BlackElo "2076"]
[PlyCount "35"]
[EventDate "2009.10.24"]
[EventType "team-tourn"]
[EventRounds "11"]
[EventCountry "ENG"]
[SourceTitle "EXT 2011"]
[Source "ChessBase"]
[SourceDate "2010.11.26"]
[SourceVersion "1"]
[SourceVersionDate "2010.11.26"]
[SourceQuality "1"]
[WhiteTeam "Cambridge University II"]
[BlackTeam "Wessex II"]
[WhiteTeamCountry "ENG"]
[BlackTeamCountry "ENG"]

1. e4 c5 2. Nf3 d6 3. Bb5+ Nc6 4. d4 cxd4 5. Qxd4 Qa5+ 6. Nc3 Bg4 7. Qd3 a6 8. Ba4 b5 9. Bb3 Rc8 10. 0-0 Nf6 11. Ng5 Ne5 12. Qg3 h6 13. f4 Nh5 14. Bxf7+ Kd7 15. Bxh5 Bxh5 16. fxe5 hxg5 17. Bxg5 b4 18. e6+ 1-0

[Event "BCF-chT3 0809 (4NCL)"]
[Site "Hinckley Island"]
[Date "2009.05.04"]
[Round "11.2"]
[White "Spencer, Carl J"]
[Black "Upham, John E"]
[Result "1-0"]
[WhiteElo "2136"]
[BlackElo "1800"]
[PlyCount "67"]
[EventDate "2008.10.18"]
[EventType "team-swiss"]
[EventRounds "11"]
[EventCountry "ENG"]
[SourceTitle "EXT 2010"]
[Source "ChessBase"]
[SourceDate "2010.11.25"]
[SourceVersion "1"]
[SourceVersionDate "2010.11.25"]
[SourceQuality "1"]
[WhiteTeam "Cambridge II"]
[BlackTeam "AMCA Hippos"]
[WhiteTeamCountry "ENG"]
[BlackTeamCountry "ENG"]

1. e4 c6 2. d4 d5 3. Nc3 dxe4 4. Nxe4 Bf5 5. Ng3 Bg6 6. Nf3 Nd7 7. h4 h6 8. h5 Bh7 9. Bd3 Bxd3 10. Qxd3 e6 11. Bf4 Qa5+ 12. Bd2 Bb4 13. Qb3 Bxd2+ 14. Nxd2 Ngf6 15. 0-0-0 0-0 16. Kb1 b5 17. Nge4 Qc7 18. Qf3 e5 19. Nxf6+ Nxf6 20. Qg3 Nd7 21. Nf3 f6 22. Nh4 Rf7 23. Nf5 Kh8 24. d5 cxd5 25. Rxd5 Rc8 26. Rd2 Rb8 27. Nd6 Rff8 28. Rhd1 Nc5 29. Qc3 Qb6 30. Rd5 Na4 31. Qg3 a6 32. Nf5 Rg8 33. Qg6 Rbd8 34. Rxd8 1-0